| 000 | 01733cam a2200229 4500 | ||
|---|---|---|---|
| 001 | ##L133091 | ||
| 008 | 060410n2006 000 0 eng u | ||
| 020 | _a0117539511 | ||
| 035 | _a(Sirsi) u133091 | ||
| 041 | 0 | _aeng | |
| 050 | 0 | 4 | _a333.72 $2 18 |
| 110 | 1 |
_aUnited Kingdom _bOffice of the Deputy Prime Minister |
|
| 245 | 0 | 0 |
_aPlanning for biodiversity and geological conservation _ba guide to good practice |
| 260 |
_aLondon _bODPM _c2006 |
||
| 520 | _aProvides guidance on how to achieve the principles of protecting biodiversity and conserving geology through the planning system. The guide produced with DEFRA and English Nature complements Planning Policy Statement (PPS) 9 "Biodiversity and geological conservation" (ISBN11753946, L130648) which sets out the national policies on the protection of biodiversity and geological conservation through the planning system and Circular (ODPM 06/2005 and DEFRA 01/2005) "Biodiversity and geological conservation: statutory obligations and their impact within the planning system" (ISBN 0117539511, L130650) which provides administrative guidance on the application of the law in England relating to planning and nature conservation. Presents good practice guidance on ways regional planning bodies and local planning authorities can help deliver the national policies and comply with legal requirements. | ||
| 590 | _aIKA110406 | ||
| 690 | _aENVIRONMENTAL AND LAND CONSULTANCY-PLANNING AND DEVELOPMENT-PLANNING GUIDANCE | ||
| 710 | 1 |
_aUnited Kingdom _bDepartment for Environment, Food and Rural Affairs |
|
| 710 | 2 |
_aEnglish Nature _93309 |
|
| 856 | 4 | 0 |
_uhttps://www.communities.gov.uk/index.asp?id=1164839 _zView the guide free of charge at www.odpm.gov.uk... |
| 942 | _n0 | ||
| 999 |
_c105327 _d105327 |
||